Job performance, productivity and satisfaction of technology education graduates employed in industries of Rizal (Record no. 15634)
[ view plain ]
| 000 -LEADER | |
|---|---|
| fixed length control field | 00513nam a22001337a 4500 |
| 082 ## - DEWEY DECIMAL CLASSIFICATION NUMBER | |
| Classification number | 658.31422 |
| Item number | Or2 |
| 100 1# - MAIN ENTRY--PERSONAL NAME | |
| Personal name | OrdoƱez, Manuel A. |
| 245 ## - TITLE STATEMENT | |
| Title | Job performance, productivity and satisfaction of technology education graduates employed in industries of Rizal |
| 260 ## - PUBLICATION, DISTRIBUTION, ETC. | |
| Place of publication, distribution, etc. | Manila |
| Name of publisher, distributor, etc. | [publisher not identified] |
| Date of publication, distribution, etc. | 2000 |
| 300 ## - PHYSICAL DESCRIPTION | |
| Extent | 103 leaves ; |
| Dimensions | 28 cm. Dissertation (Ed.D.) - Technological University of the Philippines. |
| 650 ## - SUBJECT ADDED ENTRY--TOPICAL TERM | |
| Topical term or geographic name entry element | Job satisfaction. |
| 650 ## - SUBJECT ADDED ENTRY--TOPICAL TERM | |
| Topical term or geographic name entry element | Technology education graduates. |
| 942 ## - ADDED ENTRY ELEMENTS (KOHA) | |
| Koha item type | Theses and dissertations |
| Withdrawn status | Damaged status | Not for loan | Collection code | Home library | Current library | Date acquired | Total Checkouts | Full call number | Barcode | Date last seen | Price effective from | Koha item type |
|---|---|---|---|---|---|---|---|---|---|---|---|---|
| Reference | Morong Graduate Library | Morong Graduate Library | 02/03/2015 | 658.31422 Or2 2000 | URSMOR-GL-03726 | 02/03/2015 | 02/27/2019 | Theses and dissertations |